000 00758cam a22002653a 4500
001 31987
003 PGUSA
005 20140828083707.0
008 100414s2010||||xxu|||||s|||||000 | eng d
040 _aPGUSA
_beng
042 _adc
050 4 _aQL
100 1 _aHoward, Henry Eliot,
_d1873-1940
245 1 0 _aTerritory in Bird Life
_h[electronic resource] /
_cHenry Eliot Howard
260 _bProject Gutenberg,
_c2010
506 _aPublic domain in the USA.
516 _aElectronic text
653 _aBirds -- Territoriality
653 _aBirds
700 1 _aGrönvold, Henrik,
_d1858-1940
700 1 _aLodge, George Edward,
_d1860-1954
830 0 _aProject Gutenberg
_v31987
856 4 0 _uhttp://www.gutenberg.org/ebooks/31987
942 _cEB
999 _c261242
_d261242